| 000 | 01153cam a22003498i 4500 | ||
|---|---|---|---|
| 001 | BK0020217991 | ||
| 003 | DLC | ||
| 005 | 20170811113741.0 | ||
| 008 | 170512s2017 nyu 000 1 eng d | ||
| 010 | _a2017018842 | ||
| 020 |
_a9781250124869 : HRD _c25.99 |
||
| 020 |
_a1250124867 : HRD _c25.99 _z9781250124876 (ebook) |
||
| 037 |
_bSt Martins Pr, C/O Mps 16365 James Madison Hwy Us Hwy 15, Gordonsville, VA, USA, 22942, (212)6745151 _nSAN 631-5011 |
||
| 040 |
_aDLC _beng _erda _cDLC _dNjBwBT |
||
| 050 | 0 | 0 |
_aPR6053.L45 _bS43 2017 |
| 082 | 0 | 0 |
_a823/.914 _223 |
| 092 | _a823.9140 | ||
| 100 | 1 |
_aCleeves, Ann, _eauthor. |
|
| 245 | 1 | 4 |
_aThe seagull / _cAnn Cleeves. |
| 250 | _aFirst U.S. edition. | ||
| 263 | _a1709 | ||
| 264 | 1 |
_aNew York : _bMinotaur Books, _c2017. |
|
| 300 | _apages cm. | ||
| 336 | _atext | ||
| 337 | _aunmediated | ||
| 338 | _avolume | ||
| 490 | 1 | _aA Vera Stanhope mystery | |
| 500 | _a"A Thomas Dunne book." | ||
| 650 | 0 |
_aWomen detectives _zEngland _vFiction. |
|
| 650 | 0 |
_aMurder _xInvestigation _vFiction. |
|
| 655 | 7 |
_aMystery fiction. _2gsafd |
|
| 800 | 1 |
_aCleeves, Ann. _tVera Stanhope series. |
|
| 999 |
_c224570 _d224570 |
||